Využitie sorpčnej extrakcie miešadlom pre analýzu vín Ruster Ausbruch a Sauternes

Na minha lista:
Detalhes bibliográficos
Autor principal: Királyová, Vivien (Author)
Outros Autores: Vyviurska, Olga (Thesis advisor)
Formato: Manuscrito Livro
Idioma:eslovaco
Publicado em: 2022
Assuntos:
Acesso em linha:http://is.stuba.sk/zp/portal_zp.pl?podrobnosti=156978
Tags: Adicionar Tag
Sem tags, seja o primeiro a adicionar uma tag!

MARC

LEADER 00000ntm a22000003a 4500
001 stuzp90493
003 SK-STU
005 20220625211924.4
007 ta
008 150427s2015----xo-----f-mn---000-0-slo-d
040 |a STU  |b slo 
041 0 |a slo 
100 1 |a Királyová, Vivien  |u 041000  |4 aut  |U FCHPT Fakulta chemickej a potravinárskej technológie  |T FCHPT Ústav analytickej chémie  |X 104717  |U C1000  |Y 99  |7 104717 
242 0 1 |a Application of stir bar sorptive extraction for analysis of Ruster Ausbruch and Sauternes wines  |y eng 
245 1 0 |a Využitie sorpčnej extrakcie miešadlom pre analýzu vín Ruster Ausbruch a Sauternes 
260 |c 2022 
650 4 |a Ruster Ausbruch  |2 slo 
650 4 |a sorpčná extrakcia miešadielkom  |2 slo 
650 4 |a Sauternes  |2 slo 
650 4 |a plynová chromatografia  |2 slo 
650 4 |a stirbar sorptive extraction  |2 eng 
650 4 |a Ruster Ausbruch  |2 eng 
650 4 |a Sauternes  |2 eng 
650 4 |a gas chromatography  |2 eng 
700 1 |a Vyviurska, Olga  |u 041000  |k Z1  |4 ths  |U FCHPT Fakulta chemickej a potravinárskej technológie  |T FCHPT Ústav analytickej chémie  |X 45099  |U C1000  |Y 99  |7 A0000045099 
856 4 |u http://is.stuba.sk/zp/portal_zp.pl?podrobnosti=156978